Manažment výroby - Praktikum I.

Salvato in:
Dettagli Bibliografici
Autore principale: Hitka, Miloš
Altri autori: Simanová, Ľubica
Natura: Libro
Lingua:slovacco
Pubblicazione: Zvolen Technická univerzita vo Zvolene, Drevárska fakulta 2022
Edizione:1. vydanie
Soggetti:
Tags: Aggiungi Tag
Nessun Tag, puoi essere il primo ad aggiungerne!!

MARC

LEADER 00000nam a2200000 4500
001 0305127
005 20250210101440.8
020 |a 978-80-228-3316-5 
041 0 |a slo 
044 |a SK 
245 1 0 |a Manažment výroby - Praktikum I.  |c Miloš Hitka, Ľubica Simanová 
250 |a 1. vydanie 
264 1 |a Zvolen  |b Technická univerzita vo Zvolene, Drevárska fakulta  |c 2022 
300 |a 95 s. 
610 2 0 |a riadenie výroby 
610 2 0 |a výroba 
610 2 0 |a organizácia práce 
610 2 0 |a produktivita práce 
610 2 0 |a normy spotreby materiálu 
610 2 0 |a normy spotreby práce 
100 1 |a Hitka, Miloš 
700 1 |a Simanová, Ľubica